01428 a2200193 45000010006000000050017000060080041000230030015000640400040000790800151001192450117002700200022003872500012004092640030004213000019004515050607004701000017010778560140010942532320260407155538.0260407a2005 arg spa dAR-UNSa-BCEJYS aAR-UNSa-BCEJYSbspacAR-UNSa-BCEJYS a001.8xMetodología. Estudio general del método. Procedimientos científicos y técnicos para el estudio, La investigación y la discusión10aCómo hacer tu primer trabajo de investigaciónpguía para investigadores en educación y ciencias sociales a978-84-7432-931-5 a2a. ed. 1aBarcelona :bGedisac2005 a250 p.c23 cm. a1. Planeamiento de la investigación educativa - 2. Planificación del proyecto - 3. Negociación del acceso, ética y problemas de la investigación interna - 4. Registro, toma de notas y localización de bibliotecas - 5. Búsquedas y localización de las fuentes de información - 6. Revisión de la literatura - 7. El análisis de las pruebas documentales - 8. Diseño y distribución de cuestionarios - 9. Planificación y realización de entrevistas - 10. Los diarios - 11. Estudios de observación - 12. Interpretación y presentación de los datos - 13. Redacción del informe1 aBell, Judith41uhttps://biblioeco.unsa.edu.ar/pmb/images/libros/C?mo hacer tu primer trabajo de investigaci?n (2002).jpgyImagen de portadaqimage/jpeg